The Flexible-price monetary models of the SKK/EUR and the CZK/EUR exchange rates

Peňažné modely determinácie menového kurzu. Peňažný model založený na flexibilnej cene. Peňažné modely menových kurzov SKK/EUR a CZK/EUR - aplikácia. Analýza menového kurzu SKK/EUR. Analýza menového kurzu CZK/EUR. Aktuálne hodnoty.

Gespeichert in:
Bibliographische Detailangaben
1. Verfasser: Chocholatá, Michaela, 1977-
Format: Buchkapitel
Sprache:Englisch
Schlagworte:
Tags: Tag hinzufügen
Keine Tags, Fügen Sie das erste Tag hinzu!

MARC

LEADER 00000naa$a2200000$$$4500
001 0053151
005 20240502071620.5
041 0 |a eng 
044 |a SK 
245 1 0 |a The Flexible-price monetary models of the SKK/EUR and the CZK/EUR exchange rates  |c Michaela Chocholatá 
520 |a Peňažné modely determinácie menového kurzu. Peňažný model založený na flexibilnej cene. Peňažné modely menových kurzov SKK/EUR a CZK/EUR - aplikácia. Analýza menového kurzu SKK/EUR. Analýza menového kurzu CZK/EUR. Aktuálne hodnoty. 
610 2 0 |a kurz menový 
610 2 0 |a modely 
610 2 0 |a ceny voľné 
610 2 0 |a koruna 
610 2 0 |a Slovensko 
610 2 0 |a Česko 
610 2 0 |a euro 
100 1 |a Chocholatá, Michaela, 1977-